Länder mit den meisten Obdachlosen - Statistiken

Allgemein
  • Dieses Quiz wurde 159 mal gespielt
  • Das Durchschnittsergebnis liegt bei 17 aus 30
Antwortstatistiken
Platz Land Anzahl % Korrekt
29. Vereinigte Staaten 0,58 Mio.
96%
15. China 2,58 Mio.
90%
16. Indien 1,77 Mio.
89%
28. Deutschland 0,68 Mio.
81%
2. Pakistan 20 Mio.
78%
18. Irak 1,22 Mio.
71%
8. Afghanistan 4,66 Mio.
70%
11. Indonesien 3 Mio.
70%
1. Nigeria 24,4 Mio.
69%
3. Ägypten 12 Mio.
67%
5. Demokratische Republik Kongo 5,33 Mio.
66%
4. Syrien 6,57 Mio.
64%
6. Bangladesch 5 Mio.
62%
13. Sudan 2,73 Mio.
58%
14. Äthiopien 2,69 Mio.
56%
9. Philippinen 4,5 Mio.
54%
7. Kolumbien 4,94 Mio.
53%
12. Somalia 2,97 Mio.
52%
10. Jemen 3,86 Mio.
51%
24. Ukraine 0,73 Mio.
50%
17. Südsudan 1,54 Mio.
45%
30. Myanmar 0,51 Mio.
43%
20. Kamerun 1,03 Mio.
42%
25. Peru 0,7 Mio.
42%
22. Mosambik 0,77 Mio.
39%
19. Simbabwe 1,2 Mio.
34%
27. Zentralafrikanische Republik 0,69 Mio.
31%
25. Burkina Faso 0,7 Mio.
26%
21. Honduras 1 Mio.
19%
23. Aserbaidschan 0,74 Mio.
11%
Keine übereinstimmenden Quizze gefunden
Verteilung der Resultate
Anzahl Personen mit jedem Resultat
Perzentil nach korrekt beantworteten Fragen
Ihre Resultats-Entwicklung
Sie haben dieses Quiz noch nicht gespielt